Most Popular Classic Rock on Spotify #2 - Statistics

General Stats
  • This quiz has been taken 176 times
  • The average score is 11 of 20
Answer Stats
Question Answer % Correct
Boston More Than a Feeling
100%
ABBA Dancing Queen
93%
Kenny Loggins Footloose
86%
Bryan Adams Summer of 69'
86%
Heart Barracuda
79%
Led Zeppelin Stairway to Heaven
79%
KISS I Was Made For Lovin' You
71%
The Guess Who American Woman
64%
Van Halen Jump
64%
Billy Joel Piano Man
64%
Cheap Trick Surrender
57%
Steve Miller Band The Joker
57%
Bob Seger Old Time Rock and Roll
50%
Wings Band on the Run
36%
David Bowie Heroes
29%
Eddie Money Take Me Home Tonight
29%
Pink Floyd Wish You Were Here
29%
Joe Walsh Life's Been Good
21%
Aerosmith I Don't Want to Miss a Thing
7%
Grand Funk Railroad Some Kind of Wonderful
0%
No matching quizzes found
Score Distribution
Percent of People with Each Score
Percentile by Number Answered
Your Score History
You have not taken this quiz